000 02953cam a2200409 i 4500
001 data
005 20260322212121.0
008 data
035 _a20415180
906 _a7
_bcbc
_ccopycat
_d2
_encip
_f20
_gy-gencatlg
925 0 _aacquire
_b1 shelf copy
_xpolicy default
010 _a 2018938750
020 _a9781627342490
_q(pbk.)
020 _a1627342494
_q(pbk.)
020 _z9781627342506
_q(ebook)
035 _a(OCoLC)1052622079
040 _aACM
_beng
_cACM
_erda
_dDLC
_dOCLCF
_dOCLCQ
_dDLC
042 _alccopycat
050 0 0 _aPN56.T7
_bP353 2018
100 1 _aPalmer, Mary S.,
_eauthor.
245 1 0 _aTourism writing :
_ba new literary genre unveiling the history, mystery, and economy of places and events /
_cMary S. Palmer.
264 1 _aBoca Raton :
_aBoca Raton :
_bUniversal Publishers,
_c2018.
300 _axxvii, 188 pages :
_billustrations ;
_c23 cm
336 _atext
_btxt
_2rdacontent
337 _aunmediated
_bn
_2rdamedia
338 _avolume
_bnc
_2rdacarrier
504 _aIncludes bibliographical references (pages 181-186).
520 _a"In this era of advanced technology keeping students' attention often becomes difficult. Teachers need to find new ways to create interest. In writing classes, choosing a topic that involves students is a priority. A new genre, Tourism Writing, is an innovative and effective means of teaching students composition. It can fill this need. Tourism Writing focuses on a particular place or event, provides photos and information on nearby points of interest, and directly invites visitors. This book provides an understanding of how Tourism Writing benefits people in all areas of life. This transfers to classroom assignments when students are asked to write a poem in this genre and they are given lists of possible topics, but they also have the option to choose their own place or event. It becomes a learning experience as many are amazed at their ability to write a poem and intrigued by the history they learn while researching and they treasure their photos used for illustration. Such poems were entered in the annual Poetry Writing Contest at Faulkner University. In the process, students' communication and research skills were enhanced. They learned the history of their own area. This hands-on process is rewarding to teach. The plan is to add prose assignments on Tourism Writing to the classroom curriculum in the future. The possibilities for Tourism Writing are widespread"--
_cProvided by publisher
650 0 _aTravel in literature.
650 0 _aTravelers' writings.
650 0 _aTravel writing.
650 7 _aTravel in literature.
_2fast
_0(OCoLC)fst01155640
650 7 _aTravel writing.
_2fast
_0(OCoLC)fst01155681
650 7 _aTravelers' writings.
_2fast
_0(OCoLC)fst01155719
999 _c1847
_d1847